La mejor mascota / (Record no. 126440)
[ view plain ]
| 000 -CABECERA | |
|---|---|
| campo de control de longitud fija | 00693nam a2200217 a 4500 |
| 005 - FECHA Y HORA DE LA ÚLTIMA TRANSACCIÓN | |
| campo de control | 20230121063542.0 |
| 008 - ELEMENTOS DE LONGITUD FIJA--INFORMACIÓN GENERAL | |
| campo de control de longitud fija | 080219s2007 mx r 000 0 spa d |
| 020 ## - NÚMERO INTERNACIONAL NORMALIZADO PARA LIBROS | |
| Número Internacional Estándar del Libro | 9789681683740 |
| 035 ## - NÚMERO DE CONTROL DEL SISTEMA | |
| Número de control de sistema | UPN01000154323 |
| 049 ## - COLECCIÓN | |
| Colección | I |
| 050 #4 - SIGNATURA TOPOGRÁFICA DE LA BIBLIOTECA DEL CONGRESO | |
| Número de clasificación | PZ76.3 |
| Número de documento/Ítem | L3.5 |
| 100 1# - ASIENTO PRINCIPAL--NOMBRE PERSONAL | |
| Nombre de persona | LaRochelle, David |
| 245 13 - MENCIÓN DE TÍTULO | |
| Título | La mejor mascota / |
| Mención de responsabilidad, etc. | David LaRochelle ; tr. de Laura Emilia Pacheco ; il. de Hanako Wakiyama. |
| 260 ## - PUBLICACIÓN, DISTRIBUCIÓN, ETC. | |
| Lugar de publicación, distribución, etc. | México : |
| Nombre del editor, distribuidor, etc. | FCE, |
| Fecha de publicación, distribución, etc. | 2007. |
| 300 ## - DESCRIPCIÓN FÍSICA | |
| Extensión | [30] p. : |
| Otras características físicas | il. col. |
| 440 #4 - MENCIÓN DE SERIE/ASIENTO SECUNDARIO--TÍTULO | |
| Título | Los primerísimos |
| 534 ## - NOTA SOBRE LA VERSIÓN ORIGINAL | |
| Frase introductoria | Traducción de: |
| Mención de título del original | The Best Pet of All |
| 650 #4 - ASIENTO SECUNDARIO DE MATERIA - TERMINO TEMATICO | |
| Término de materia o nombre geográfico como elemento de entrada | ANIMALES DOMESTICOS - |
| Subdivisión de forma | LITERATURA INFANTIL |
| 9 (RLIN) | 1347 |
| 650 #2 - ASIENTO SECUNDARIO DE MATERIA - TERMINO TEMATICO | |
| Término de materia o nombre geográfico como elemento de entrada | Dragones |
| Subdivisión de forma | Literatura juvenil |
| 9 (RLIN) | 6754 |
| 905 ## - TIPO DE MATERIAL | |
| Tipo de material | Infantil |
| Estado de retiro | Estado de pérdida | Fuente del sistema de clasificación o colocación | Estado dañado | No para préstamo | Código de colección | Localización permanente | Ubicación/localización actual | Ubicación en estantería | Fecha de adquisición | Clasificación | Código de barras | Fecha visto por última vez | Número de copia | Tipo de ítem Koha | Total de préstamos | Fecha del último préstamo |
|---|---|---|---|---|---|---|---|---|---|---|---|---|---|---|---|---|
| Library of Congress Classification | Infantil | Bib. Gregorio Torres Quintero | Bib. Gregorio Torres Quintero | Sala infantil Planta baja | 10/05/2023 | PZ76.3 L3.5 | 304926 | 31/12/2020 | 1 | Libro | ||||||
| Library of Congress Classification | Infantil | Bib. Gregorio Torres Quintero | Bib. Gregorio Torres Quintero | Sala infantil Planta baja | 10/05/2023 | PZ76.3 L3.5 | 259131 | 31/12/2020 | 1 | Libro | 3 | |||||
| Library of Congress Classification | Infantil | Bib. Gregorio Torres Quintero | Bib. Gregorio Torres Quintero | Sala infantil Planta baja | 10/05/2023 | PZ76.3 L3.5 | 255275 | 11/02/2026 | 1 | Libro | 6 | 05/02/2026 |
